MARC details
| 000 -CABECERA |
| campo de control de longitud fija |
01478nam a2200325aa04500 |
| 003 - IDENTIFICADOR DEL NÚMERO DE CONTROL |
| campo de control |
MX-MxUPN |
| 005 - FECHA Y HORA DE LA ÚLTIMA TRANSACCIÓN |
| campo de control |
20241001063903.0 |
| 008 - ELEMENTOS DE LONGITUD FIJA--INFORMACIÓN GENERAL |
| campo de control de longitud fija |
991125s1944 mx r 000 0 spa d |
| 035 ## - NÚMERO DE CONTROL DEL SISTEMA |
| Número de control de sistema |
UPN01000036002 |
| 040 ## - FUENTE DE LA CATALOGACIÓN |
| Centro catalogador/agencia de origen |
MX-MxUPN |
| Lengua de catalogación |
spa |
| Centro/agencia transcriptor |
MX-MxUPN |
| 041 0# - CÓDIGO DE IDIOMA |
| Código de lengua del texto/banda sonora o título independiente |
spa |
| 050 14 - SIGNATURA TOPOGRÁFICA DE LA BIBLIOTECA DEL CONGRESO |
| Número de clasificación |
AC70 |
| Número de documento/Ítem |
B5a no.26-30 |
| 100 1# - ASIENTO PRINCIPAL--NOMBRE PERSONAL |
| Nombre de persona |
Ferrer Mendiolea, Gabriel, |
| Fechas asociadas al nombre |
1904-1967 |
| 9 (RLIN) |
37462 |
| 245 13 - MENCIÓN DE TÍTULO |
| Título |
El maestro Justo Sierra |
| 260 ## - PUBLICACIÓN, DISTRIBUCIÓN, ETC. |
| Lugar de publicación, distribución, etc. |
México : |
| Nombre del editor, distribuidor, etc. |
Secretaría de Educación Pública, |
| Fecha de publicación, distribución, etc. |
1944. |
| 300 ## - DESCRIPCIÓN FÍSICA |
| Extensión |
1 v. (varias paginaciones) |
| 490 0# - MENCIÓN DE SERIE |
| Mención de serie |
Biblioteca enciclopédica popular ; |
| Designación de volumen o secuencia |
26-30 |
| 501 ## - NOTA DE "CON" |
| Nota de “Con” |
Encuadernado con: Vida de Martí / por Rafael Estenger ; nota prel. de José Antonio Portuondo -- Nociones de historia de los Estados Unidos de América / por Benito Xavier Pérez-Verdía -- Soliloquios de Marco Aurelio / Marco Aurelio ; introd., selec. y notas de Juan David García Bacca -- Los lacandones : su pasado y su presente / por Gertrude Duby. |
| 600 12 - ASIENTO SECUNDARIO DE MATERIA - NOMBRE PERSONAL |
| Nombre de persona |
Martí, José, |
| Fechas asociadas al nombre |
1853-1895 |
| 9 (RLIN) |
29034 |
| 600 10 - ASIENTO SECUNDARIO DE MATERIA - NOMBRE PERSONAL |
| Nombre de persona |
Sierra, Justo, |
| Fechas asociadas al nombre |
1848-1912 |
| 9 (RLIN) |
28551 |
| 650 #4 - ASIENTO SECUNDARIO DE MATERIA - TERMINO TEMATICO |
| Término de materia o nombre geográfico como elemento de entrada |
Filosofía antigua |
| 9 (RLIN) |
6916 |
| 651 #4 - ASIENTO SECUNDARIO DE MATERIA - NOMBRE GEOGRAFICO |
| Nombre geográfico |
Estados Unidos |
| Subdivisión general |
Historia |
| 9 (RLIN) |
20434 |
| 650 #4 - ASIENTO SECUNDARIO DE MATERIA - TERMINO TEMATICO |
| Término de materia o nombre geográfico como elemento de entrada |
Lacandones |
| Subdivisión general |
Historia |
| 9 (RLIN) |
49127 |
| 710 2# - ASIENTO SECUNDARIO - NOMBRE CORPORATIVO |
| Nombre de entidad corporativa o nombre de jurisdicción como elemento de entrada |
Instituto Nacional de Pedagogía (México) |
| Término indicativo de función/relación |
propietario anterior |
| 9 (RLIN) |
28088 |
| 740 0# - ASIENTO SECUNDARIO - TÍTULOS RELACIONADOS /ANALITICOS NO CONTROLADOS |
| Título relacionado o analítico no controlado |
Vida de Martí |
| 740 0# - ASIENTO SECUNDARIO - TÍTULOS RELACIONADOS /ANALITICOS NO CONTROLADOS |
| Título relacionado o analítico no controlado |
Nociones de historia de los Estados Unidos de América |
| 740 0# - ASIENTO SECUNDARIO - TÍTULOS RELACIONADOS /ANALITICOS NO CONTROLADOS |
| Título relacionado o analítico no controlado |
Soliloquios de Marco Aurelio |
| 740 0# - ASIENTO SECUNDARIO - TÍTULOS RELACIONADOS /ANALITICOS NO CONTROLADOS |
| Título relacionado o analítico no controlado |
Los lacandones : su pasado y su presente |
| 942 ## - ELEMENTOS DE PUNTO DE ACCESO ADICIONAL (KOHA) |
| Fuente del sistema de clasificación o colocación |
Library of Congress Classification |
| Tipo de ítem Koha |
Libro |